000 00659cam a2200229Ia 4500
001 82055
005 20230410103543.0
008 020722r2007 dr 001 1 spa d
041 _aspa
020 _a0967674107
050 1 4 _a118 PQ 7409.2
_bR621m 2007
100 1 _aRivero, Juan,
_d1942-
245 1 3 _aLa mariposa iluminada y otros cuentos de amor /
_cJuan Rivero.
260 _aSanto Domingo, R.D. :
_bEditorial Punto Siete,
_c2007.
300 _a122 p.:
_bill.;
_c23cm.
501 _aNota biográfica por Hector Amarante
504 _aIncluye índice
650 4 _aLiteratura dominicana.
942 _2lcc
_cbk
946 _aPP
994 _aC0
_bDRFGD
999 _c21206
_d21206